Les athlètes français aux JO d'hiver 2026 - Statistiques

Statistiques générales
  • Ce quiz a été pris 39 fois
  • Le résultat moyen est 40 sur 162
Statistiques - réponses
Sport Athlète % Correct
Biathon Julia Simon
97%
Biathon Lou Jeanmonnot
97%
Biathon Quentin Fillon-Maillet
94%
Biathon Emilien Claude
91%
Biathon Emilien Jacquelin
91%
Biathon Eric Perrot
91%
Biathon Fabien Claude
91%
Hockey sur glace Anaé Simon
88%
Biathon Justine Braisaz-Bouchet
88%
Biathon Océane Michelon
88%
Biathon Camille Bened
82%
Ski de fond Mathis Desloges
82%
Patinage artistique Guillaume Cizeron
76%
Ski alpin Clément Noël
73%
Patinage artistique Laurence Fournier-Beaudry
70%
Ski acrobatique Perrine Laffont
64%
Patinage artistique Adam Siao Him Fa
61%
Ski-alpinisme Emily Harrop
61%
Biathon Jeanne Richard
61%
Ski alpin Nils Allègre
61%
Ski alpin Nils Alphand
61%
Biathon Oscar Lombardot
61%
Ski alpin Romane Miradoli
61%
Ski de fond Hugo Lapalus
58%
Ski alpin Paco Rassat
52%
Snowboard Chloé Trespeuch
48%
Ski-alpinisme Thibault Anselmet
48%
Patinage de vitesse Timothy Loubineaud
48%
Snowboard Aidan Chollet
45%
Snowboard Jonas Chollet
45%
Ski de fond Jules Chappaz
45%
Snowboard Léa Casta
45%
Ski de fond Théo Schely
45%
Snowboard Loan Bozzolo
42%
Ski de fond Victor Lovera
42%
Snowboard Julia Nirani-Pereira
39%
Patinage artistique Kévin Aymoz
39%
Snowboard Romain Allemand
39%
Ski acrobatique Benjamin Cavet
36%
Ski alpin Léo Anguenot
36%
Bobsleigh Margot Boch
36%
Ski de fond Richard Jouve
36%
Saut à ski Valentin Foubert
36%
Ski de fond Cloé Pagnier
33%
Saut à ski Joséphine Pagnier
33%
Ski de fond Léonie Perry
33%
Ski alpin Steven Amiez
33%
Ski alpin Camille Cerutti
30%
Patinage artistique Camille Kovalev
30%
Ski de fond Jules Lapierre
30%
Patinage artistique Lorine Schild
30%
Patinage artistique Pavel Kovalev
30%
Ski acrobatique Timothé Sivignon
30%
Ski alpin Alban Elezi Cannaferina
27%
Short-track Aurélie Lévêque
27%
Ski de fond Delphine Claudel
27%
Ski alpin Laura Gauché
27%
Short-track Quentin Fercoq
27%
Ski alpin Caitlin McFarlane
24%
Patinage artistique Evgeniia Lopareva
24%
Ski-alpinisme Margot Ravinel
24%
Ski alpin Marion Chevrier
24%
Ski acrobatique Matias Roche
24%
Ski alpin Maxence Muzaton
24%
Ski de fond Mélissa Gal
24%
Bobsleigh Romain Heinrich
24%
Ski acrobatique Camille Cabrol
21%
Short-track Cloé Ollivier
21%
Patinage artistique Geoffrey Brissaud
21%
Ski acrobatique Kim Dumont-Zanella
21%
Ski acrobatique Marielle Berger-Sabbatel
21%
Ski acrobatique Melvin Tchiknavorian
21%
Ski acrobatique Terence Tchiknavorian
21%
Patinage de vitesse Violette Braun
21%
Ski acrobatique Youri Duplessis-Kergomard
21%
Bobsleigh Carla Sénéchal
18%
Ski alpin Clara Direz
18%
Ski alpin Doriane Escané
18%
Bobsleigh Dorian Hauterville
18%
Ski de fond Julie Pierrel
18%
Combiné nordique Maël Tyrode
18%
Combiné nordique Marco Heinis
18%
Ski alpin Marie Lamure
18%
Snowboard Merlin Surget
18%
Hockey sur glace Pierre Crinon
18%
Hockey sur glace Alexandre Texier
15%
Saut à ski Emma Chervet
15%
Saut à ski Jules Chervet
15%
Hockey sur glace Léa Berger
15%
Ski de fond Lucas Chavanat
15%
Skeleton Lucas Defayet
15%
Hockey sur glace Pierre-Édouard Bellemare
15%
Ski acrobatique Vincent Maharavo
15%
Saut à ski Enzo Milesi
12%
Snowboard Enzo Valax
12%
Patinage de vitesse Germain Deschamps
12%
Patinage de vitesse Matthieu Belloir
12%
Ski-alpinisme Pablo Giner Dalmasso
12%
Ski acrobatique Arthur Offel de Villaucourt
9%
Short-track Bérénice Comby
9%
Short-track Eva Grenouilloux
9%
Ski acrobatique Evan Klufts
9%
Ski acrobatique Jade Grillet-Aubert
9%
Combiné nordique Laurent Mühlethaler
9%
Hockey sur glace Margot Huot-Marchand
9%
Ski acrobatique Marie Duaux
9%
Snowboard Marja-Li Iafrate-Danielsson
9%
Ski acrobatique Paul-Andréa Gay
9%
Ski acrobatique Thibaud Mouille
9%
Patinage de vitesse Valentin Thiebault
9%
Ski acrobatique Anouck Errard
6%
Ski de fond Clémence Didierlaurent
6%
Short-track Etienne Bastier
6%
Patinage de vitesse Giovanni Trebouta
6%
Ski de fond Justine Gaillard
6%
Ski acrobatique Mylène Ballet-Baz
6%
Hockey sur glace Stéphane Da Costa
6%
Hockey sur glace Antoine Keller
3%
Bobsleigh Antoine Riou
3%
Hockey sur glace Chloé Aurard-Bushee
3%
Hockey sur glace Estelle Duvin
3%
Hockey sur glace Jade Barbirati
3%
Bobsleigh Lionel Lefebvre
3%
Hockey sur glace Lore Baudrit
3%
Bobsleigh Luna Goureau
3%
Hockey sur glace Manon Le Scodan
3%
Bobsleigh Nils Blairon
3%
Hockey sur glace Sacha Treille
3%
Hockey sur glace Alice Philibert
0%
Hockey sur glace Anaïs Peyne-Dingival
0%
Hockey sur glace Anthony Rech
0%
Hockey sur glace Aurélien Dair
0%
Hockey sur glace Charles Bertrand
0%
Hockey sur glace Clara Rozier
0%
Hockey sur glace Clémence Boudin
0%
Hockey sur glace Dylan Fabre
0%
Hockey sur glace Elina Zilliox
0%
Hockey sur glace Emma Nonnenmacher
0%
Hockey sur glace Enzo Cantagallo
0%
Hockey sur glace Enzo Guebey
0%
Hockey sur glace Floran Douay
0%
Hockey sur glace Florian Chakiachvili
0%
Hockey sur glace Gabrielle De Serres
0%
Hockey sur glace Hugo Gallet
0%
Hockey sur glace Jordann Perret
0%
Hockey sur glace Jules Boscq
0%
Hockey sur glace Julia Mesplède
0%
Hockey sur glace Julian Junca
0%
Hockey sur glace Justin Addamo
0%
Hockey sur glace Kevin Bozon
0%
Hockey sur glace Léa Villiot
0%
Hockey sur glace Louis Loudon
0%
Hockey sur glace Lucie Quarto
0%
Hockey sur glace Margaux Mameri
0%
Hockey sur glace Marie-Pierre Pelissou
0%
Hockey sur glace Martin Neckar
0%
Hockey sur glace Nicolas Ritz
0%
Hockey sur glace Sehana Galbrun
0%
Hockey sur glace Sophie Leclerc
0%
Hockey sur glace Thomas Thiry
0%
Hockey sur glace Violette Pianel-Couriaut
0%
Hockey sur glace Yohann Auvitu
0%
Aucun quiz correspondant
Distribution des résultats
% des personnes avec chaque résultat
Percentile par nombre de réponses
Votre historique - résultats
Vous n’avez pas pris ce quiz